| 000 | 00387nam a22001457a 4500 | ||
|---|---|---|---|
| 020 | _a81-224-1872-4 | ||
| 082 |
_a330 _bAGA/I |
||
| 100 | _aAGRAWAL, A N | ||
| 245 |
_aINDIAN ECONOMY _bPROBLEMS OF DEVELOPMENT AND PLANNING |
||
| 250 | _aTHIRTY SECOND EDITION | ||
| 260 |
_aDELHI _bNEW AGE INTERNATIONAL LIMITED _c2006 |
||
| 300 | _a743 | ||
| 650 |
_aECONOMICS REFERENCE _zINDIA |
||
| 942 | _cBK | ||
| 999 |
_c1698 _d1698 |
||